000 00812cam a2200265 a 4500
001 000009807
005 20200929161719.0
008 940822s2000 mx 000 p spa d
020 _a9681903811
040 _aDO-SdBNP
_cBNPHU
082 _aU861.44
_bB462i
100 1 _aBenedetti, Mario,
_d1920-2009
_911959
245 1 0 _aInventario II :
_bpoesía completa (1986-1991) /
_cMario Benedetti.
260 _aMéxico :
_bAlfaguara,
_c2000.
300 _a477 p. ;
_c20 cm.
490 1 _aAlfaguara bolsillo
490 1 _aBiblioteca Mario Benedetti
500 _aCuarta reimpresión, 2000.
650 4 _aPoesía uruguaya
_93846
650 4 _aLiteratura uruguaya
_93054
830 0 _aAlfaguara bolsillo.
_pBiblioteca Mario Benedetti.
_924711
910 _aCatalogación derivada
910 _aWM
049 _aBNGR
999 _c9566
_d9566